00595pam a22001694a 4500020004000000040000800040082002600048100002300074245003200097260003700129300003300166650002300199650002300222856006400245856005700309856005900366 a0071444513 (hardcover : alk. paper) cDLC00a658 HIL 2005 A046 Or.1 aGoncalves, Marcus.10aManaging virtual projects / aNew York :bMcGraw-Hill,cc2005. axx, 443 p. :bill. ;c24 cm. 0aProject management 0aProject management42uhttp://www.loc.gov/catdir/description/mh051/2004015434.html42uhttp://www.loc.gov/catdir/bios/mh051/2004015434.html41uhttp://www.loc.gov/catdir/toc/ecip0419/2004015434.html